Kỹ năng công tác bạn đọc

Nội dung tài liệu trình bày các khái niệm, định nghĩa về lĩnh vực thư viện. Khái quát cách thực hiện các nghiệp vụ chuyên môn thư viện. Giái đáp thắc mắc trong lĩnh vực thư viện.

Gespeichert in:
Bibliographische Detailangaben
1. Verfasser: Nguyễn, Thị Thanh Mai
Format: Buch
Sprache:Undetermined
Veröffentlicht: Hà Nội Văn hóa - Thông tin 2014
Schlagworte:
Tags: Tag hinzufügen
Keine Tags, Fügen Sie den ersten Tag hinzu!
Thư viện lưu trữ: Trung tâm Học liệu Trường Đại học Cần Thơ
LEADER 00869nam a2200193Ia 4500
001 CTU_238540
008 210402s9999 xx 000 0 und d
082 |a 025 
082 |b M103 
100 |a Nguyễn, Thị Thanh Mai 
245 0 |a Kỹ năng công tác bạn đọc 
245 0 |c Nguyễn Thị Thanh Mai, Nguyễn Thị Kim Loan 
260 |a Hà Nội 
260 |b Văn hóa - Thông tin 
260 |c 2014 
520 |a Nội dung tài liệu trình bày các khái niệm, định nghĩa về lĩnh vực thư viện. Khái quát cách thực hiện các nghiệp vụ chuyên môn thư viện. Giái đáp thắc mắc trong lĩnh vực thư viện. 
650 |a Quản lý thư viện,Library administration 
904 |i Hải 
980 |a Trung tâm Học liệu Trường Đại học Cần Thơ